Business Change The Roles of Change Agents and Subject Matter Experts In Organization Change And Much More...101 World Class Expert,Facts,Hints,Tips and Advice on Change Management (Record no. 23444)
[ view plain ]
| 000 -LEADER | |
|---|---|
| fixed length control field | 00454nam a22000857a 4500 |
| 003 - CONTROL NUMBER IDENTIFIER | |
| control field | NUST |
| 005 - DATE AND TIME OF LATEST TRANSACTION | |
| control field | 20170606111736.0 |
| 008 - FIXED-LENGTH DATA ELEMENTS--GENERAL INFORMATION | |
| fixed length control field | 13 1004b xxu||||| |||| 00| 0 eng d |
| 020 ## - INTERNATIONAL STANDARD BOOK NUMBER | |
| Terms of availability | Available |
| International Standard Book Number | 9781921573859 |
| 040 ## - CATALOGING SOURCE | |
| Original cataloging agency | DLC |
| Language of cataloging | DLC |
| Transcribing agency | RCMS |
| 082 ## - DEWEY DECIMAL CLASSIFICATION NUMBER | |
| Classification number | 658.45 WHA |
| 100 ## - MAIN ENTRY--PERSONAL NAME | |
| Personal name | Warren Gray |
| 9 (RLIN) | 2001 |
| 245 ## - TITLE STATEMENT | |
| Title | Business Change The Roles of Change Agents and Subject Matter Experts In Organization Change And Much More...101 World Class Expert,Facts,Hints,Tips and Advice on Change Management |
| Statement of responsibility, etc. | Gray Warren |
| 260 ## - PUBLICATION, DISTRIBUTION, ETC. | |
| Date of publication, distribution, etc. | 2 November 2011 |
| 300 ## - PHYSICAL DESCRIPTION | |
| Extent | 290,p: |
| Other physical details | ill: |
| Dimensions | 22,cm. |
| 538 ## - SYSTEM DETAILS NOTE | |
| Display text | Shelf No 1 Row No 3 |
| 650 ## - SUBJECT ADDED ENTRY--TOPICAL TERM | |
| Topical term or geographic name entry element | Business |
| 9 (RLIN) | 2002 |
| 856 ## - ELECTRONIC LOCATION AND ACCESS | |
| Materials specified | Table of Content Only |
| 942 ## - ADDED ENTRY ELEMENTS (KOHA) | |
| Source of classification or shelving scheme | |
| Koha item type | Book |
| Withdrawn status | Lost status | Source of classification or shelving scheme | Damaged status | Not for loan | Permanent Location | Current Location | Shelving location | Date acquired | Total Checkouts | Barcode | Date last seen | Price effective from | Koha item type |
|---|---|---|---|---|---|---|---|---|---|---|---|---|---|
| School of Interdisciplinary Engineering and Sciences (SINES) | School of Interdisciplinary Engineering and Sciences (SINES) | General Stacks | 10/04/2013 | RCMS002595 | 10/04/2013 | 10/04/2013 | Book |
